000 00712nam a22002057a 4500
003 OSt
005 20260421045951.0
008 260421b |||||||| |||| 00| 0 eng d
020 _a978-621-427-106-1
040 _aOC
_cDWC-Main Lib
082 _aFil. 005.1 P788a 2022
100 _aPomerada, J.
245 _aAngular JS Programming
260 _aIntramuros, Manila:
_bUnlimited Books Library Services and Publishing Inc.
_cc2022.
300 _axvii, 435 pages:
_b illustrations;
_c23cm.
504 _aincludes bibliographic references
650 _a1. Computer Software
650 _a2. Programming Languages
942 _2ddc
_cBK - FIL
_hFil. 005.1 P788a 2022
_kFil.
_n0
999 _c9548
_d9548